Tín ngưỡng của các dân tộc Việt Nam
Phác họa về tín ngưỡng các tộc người ở Việt Nam; Tín ngưỡng thờ cúng tổ tiên; Tín ngưỡng thờ Thành hoàng; Tín ngưỡng thờ Mẫu; Tín ngưỡng Đưvs Thánh Trần; Nội đạo An Đông; Tứ Bất Tử; Tín ngưỡng nghề nghiệp; Tín ngưỡng của người Tày, Nùng; Then, một hình thức lên đồng (Shaman) của người Tày; Mẫu thần...
Đã lưu trong:
| Hovedforfatter: | |
|---|---|
| Format: | Bog |
| Sprog: | Vietnamese |
| Udgivet: |
H.
Khoa học xã hội
2016
|
| Fag: | |
| Tags: |
Tilføj Tag
Ingen Tags, Vær først til at tagge denne postø!
|
| Thư viện lưu trữ: | Mạng thư viện Đại học Đà Nẵng |
|---|
| LEADER | 01714nam a2200349 4500 | ||
|---|---|---|---|
| 001 | 000025346 | ||
| 003 | 21839 | ||
| 005 | 20170929150951.0 | ||
| 008 | 170929s2016 viesd | ||
| 020 | |a 978-604-944-390-9 |c 152000 | ||
| 041 | 0 | |a vie | |
| 082 | 1 | 4 | |a 398.4109597 |b NG-T |
| 100 | 1 | |a Ngô Đức Thịnh |c GS.TS. |e chủ biên | |
| 245 | 1 | 0 | |a Tín ngưỡng của các dân tộc Việt Nam |c Ngô Đức Thịnh (ch.b.) |
| 260 | |a H. |b Khoa học xã hội |c 2016 | ||
| 300 | |a 431 tr. |c 24 cm. | ||
| 504 | |a Thư mục: tr. 424-431 | ||
| 520 | 3 | |a Phác họa về tín ngưỡng các tộc người ở Việt Nam; Tín ngưỡng thờ cúng tổ tiên; Tín ngưỡng thờ Thành hoàng; Tín ngưỡng thờ Mẫu; Tín ngưỡng Đưvs Thánh Trần; Nội đạo An Đông; Tứ Bất Tử; Tín ngưỡng nghề nghiệp; Tín ngưỡng của người Tày, Nùng; Then, một hình thức lên đồng (Shaman) của người Tày; Mẫu thần Chăm; Bà Chúa Xứ, Mẫu thần đa văn hóa; Thờ Thiên Hậu Thánh Mẫu. | |
| 650 | 0 | 4 | |a Văn hóa dân gian |x Tín ngưỡng dân gian |z Việt Nam |
| 650 | 0 | 4 | |a Tín ngưỡng dân gian |x Dân tộc |z Việt Nam |
| 653 | |a Văn hóa dân gian | ||
| 653 | |a Tín ngưỡng | ||
| OWN | |a LSP | ||
| AVA | |a UDN50 |b LSP |d 398.4109597 NG-T |e available |t Error 5001 Not defined in file expand_doc_bib_avail. |f 2 |g 0 |h N |i 1 |k 1 | ||
| 999 | |a From the UDN01 | ||
| AVA | |a UDN50 |b LSP |d 398.4109597 NG-T |e available |t Error 5001 Not defined in file expand_doc_bib_avail. |f 2 |g 0 |h N |i 1 |k 1 | ||
| TYP | |a Monograph | ||
| TYP | |a Printed language | ||
| 980 | |a Mạng thư viện Đại học Đà Nẵng | ||


